MARC

LEADER 00000nam0a2200000 4500
001 318146
005 20231102003040.0
035 |a (RuTPU)RU\TPU\book\343627 
090 |a 318146 
100 |a 20160420d1974 km y0rusy50 ca 
101 0 |a rus 
102 |a RU 
105 |a a z 001zy 
200 1 |a Сверхпрочные и высокопрочные неорганические стекла  |f Г. М. Бартенев 
210 |a Москва  |c Стройиздат  |d 1974 
215 |a 240 с.  |c ил. 
320 |a Библиогр. в конце гл. 
606 1 |a Стекло неорганическое  |x Радиационные центры  |2 stltpush  |3 (RuTPU)RU\TPU\subj\34565  |9 56485 
610 1 |a сверхпрочность 
610 1 |a высокопрочные стеклп 
610 1 |a твердые тела 
610 1 |a прочность 
610 1 |a строение 
610 1 |a структура 
610 1 |a дефекты 
610 1 |a уровни 
610 1 |a микротрещины 
610 1 |a разрушение 
675 |a 666.11  |v 4 
700 1 |a Бартенев  |b Г. М.  |g Георгий Михайлович 
801 1 |a RU  |b 63413507  |c 20160420 
801 2 |a RU  |b 63413507  |c 20200120  |g RCR 
942 |c BK